| 000 | 01057pam a2200301 a 4500 | ||
|---|---|---|---|
| 001 | 652217 | ||
| 003 | NUST | ||
| 005 | 20201230104606.0 | ||
| 008 | 940331s1995 maua b 001 0 eng | ||
| 010 | _a 94015348 | ||
| 020 | _a1557866104 (hbk) | ||
| 020 | _a1557866112 (pbk) | ||
| 038 | _a0 | ||
| 040 |
_aDLC _cDLC _dDLC |
||
| 050 | 0 | 0 |
_aHD62.15 _b.S734 1995 |
| 082 | 0 | 0 |
_a658.5/62 _220 |
| 100 | 1 |
_aStahl, Michael J. _913611 |
|
| 245 | 1 | 0 |
_aManagement : _btotal quality in a global environment / _cMichael J. Stahl. |
| 260 |
_aCambridge, Mass. : _bBlackwell Business, _c1995. |
||
| 300 |
_axxx, 546 p. : _bill. (some col.) ; _c25 cm. |
||
| 500 | _aIncludes bibliographical references and Indexes. | ||
| 650 | 0 |
_aTotal quality management. _9872 |
|
| 650 | 0 |
_aCompetition, International. _913612 |
|
| 740 | 0 | _aManagement, total quality in a global environment. | |
| 906 |
_a7 _bcbc _corignew _d1 _eocip _f19 _gy-gencatlg |
||
| 942 |
_2ddc _cBK |
||
| 999 |
_c523389 _d523389 |
||